000 00544nam a22001937i 4500
001 3463
003 OSt
005 20170126082319.0
007 tu
008 161220s1997 xxu||||| |||| 00| 0 d
024 7 _a3462
_2RID
040 _cOSt
084 _a8.2
_a13.4
_2z
245 0 0 _aKaufkraft in Ost und West - Österreich im europäischen Wirtschaftsvergleich 1993 (bis 1995)
260 _aWien,
_c1997.
300 _a113 S. ;
_c30cm.
490 _aBeiträge zur österreichischen Statistik
110 2 _aÖsterreichisches Statistisches Zentralamt
_eEd.
942 _cST
999 _c3413
_d3413